00849nam a2200217 i 450000100060000000300090000600500170001500700030003200800410003524501380007626000320021430000220024649000560026865000220032470000310034670000290037783000640040685200220047099900170049295201220050992281ES-MaACL20230906180932.0t|050224s1971 sp ||||1| spa d00aLibro de oración para la vida en grupo, para la vida cotidiana /cMaertens, de Bilde, Berthier ; [traducción de Felipe Martín]. aMadrid : bMarova, c[1971] a248 p. ; c21 cm.1 aChristus Pastor, experiencias y estudios pastorales00aOraciones.9157301 aMaertens, Thierry.91843791 aMartín, Felipe.9772981 aChristus Pastor, experiencias y estudios pastorales9220288 aES-MaACLjC-51150 c92281d92281 00104070aATENEOMbATENEOMcDEPO2d2008-01-17eSCl0oC-51150p1096342r2023-02-23 00:00:00w2023-02-23yMONOGRAFIA